000
00308pam a2200133a 44500
008
230405s2023 xxu||||| |||| 00| 0 eng d
041
_a
ENG
100
_a
Tripathi
245
_a
Judicial Process
250
_a
2018 Ed.
260
_a
Allahabad
_b
Cental Law Pub
_c
2023
300
_a
1-61 P.p.
906
_a
3776
999
_c
274750
_d
274750